000 01123nam a22003497a 4500
001 94
003 FISKH
005 20250814150021.0
008 230223b cb ||||| |||| 00| 0 eng d
010 _a 2002015634
020 _a1570913722 (pbk.)
040 _aDLC
_cDLC
_dDLC
_beng
041 1 _aeng
_aspa
_heng
050 0 0 _aPZ74.3
_b.R93 2003
082 0 _a813.54
_221
100 1 _aRyan, Pam Muñoz
245 1 0 _aHello ocean /
_cPam Muñoz Ryan ; illustrated by Mark Astrella
260 _aNew York :
_bScholastic,
_c2002
300 _a32 unnumbred pages :
_bcolor illustrations ;
_c22 x 29 cm
505 _aO
520 _aUsing rhyming text, a child describes the wonder of the ocean experienced through each of her five senses.
521 8 _a600
_bLexile
521 8 _aO
_bRaz-Plus
650 1 _aOcean
_vFiction.
650 1 _aSenses and sensation
_vFiction.
650 1 _aStories in rhyme.
650 1 _aSpanish language materials
_xBilingual.
700 1 _aAstrella, Mark,
_eillustrator
700 1 _aCanetti, Yanitzia,
_d1967-
906 _a7
_bcbc
_corignew
_d1
_eecip
_f20
_gy-gencatlg
942 _2ddc
_cBK
_n0
999 _c94
_d94